| 000 | 00405nam a2200121Ia 4500 | ||
|---|---|---|---|
| 008 | 220217s9999 xx 000 0 und d | ||
| 245 | 0 | _aOn-site non-mechanical jointing of piled textile reinforced rubber conveyor belting-Code of practice. Part 1. Hot vulcanizing. | |
| 260 | _c1995 | ||
| 500 | _aStandard number: IS 14206 Part 1 | ||
| 650 | _aConveyor belting | ||
| 650 | _aHot vulcanizing | ||
| 942 | _cST | ||
| 999 |
_c73552 _d73552 |
||